Predpoklady vytvárania a činnosť akciových spoločností v podmienkach reštauračného stravovania záverečná práca postgraduálneho štúdia
Na minha lista:
| Autor principal: | |
|---|---|
| Autor Corporativo: | |
| Outros Autores: | |
| Formato: | Livro |
| Idioma: | eslovaco |
| Publicado em: |
Bratislava
1991
|
| Assuntos: | |
| Tags: |
Sem tags, seja o primeiro a adicionar uma tag!
|
MARC
| LEADER | 00000nam a2200000 4500 | ||
|---|---|---|---|
| 001 | c002115 | ||
| 005 | 20221214094630.8 | ||
| 041 | 0 | |a slo | |
| 044 | |a SK | ||
| 245 | 1 | 0 | |a Predpoklady vytvárania a činnosť akciových spoločností v podmienkach reštauračného stravovania |b záverečná práca postgraduálneho štúdia |c Drahomíra Rusnáková ; Škol. Anton Strašík |
| 264 | 1 | |a Bratislava |c 1991 | |
| 300 | |a 44 s. | ||
| 610 | 2 | 0 | |a spoločnosti akciové |
| 610 | 2 | 0 | |a stravovanie spoločné |
| 610 | 2 | 0 | |a zariadenia stravovacie |
| 610 | 2 | 0 | |a mechanizmus trhový |
| 610 | 2 | 0 | |a hospodárenie podnikové |
| 610 | 2 | 0 | |a podnikanie |
| 610 | 2 | 0 | |a kapitál |
| 610 | 2 | 0 | |a ruch cestovný |
| 100 | 1 | |a Rusnáková, Drahomíra | |
| 700 | 1 | |a Strašík, Anton | |
| 710 | 2 | |a Vysoká škola ekonomická v Bratislave | |